000 00827nam a2200181Ia 4500
008 090124s9999 xx 000 0 und d
082 _b5753
_a67
100 _aचित्राव सिध्देश्र्वरशास्त्री
245 _a ऋग्वेदाचे संपूर्ण मराठी भाषांतर
250 _a1
260 _c1938
300 _a480
600 _aचित्राव सिध्देश्र्वरशास्त्री
630 _a ऋग्वेदाचे संपूर्ण मराठी भाषांतर
700 _aचित्राव सिध्देश्र्वरशास्त्री
730 _a ऋग्वेदाचे संपूर्ण मराठी भाषांतर
942 _cBOOK
999 _c119694
_d119694